000 00740nam a2200205 i 4500
001 36212
003 ES-MaACL
005 20250808060753.0
007 t|
008 030217m19201921fr ||||1| fre d
100 1 _aBrifaut, Charles.
_931714
245 1 0 _aSouvenirs d'un académicien sur la Revolution, le premier Empire et la Restauration /
_cCh. Brifaut ; avec introduction et notes du docteur Cabanès et suivis de la correspondance de l'auteur.
260 _aParís :
_bA. Michel,
_c[1920]-1921.
300 _a2 v. ;
_c21 cm.
650 4 _a
_9241174
651 4 _aFrancia-
_xHistoria-
_y1814-1830, Restauración
_98695
700 0 _aCabanès, Augustin.
_933136
852 _aES-MaACL
_jC-2879-80
999 _c36212
_d36212